[Event "Østlandsserien 1999/2000, 1. div."]
[Site "Strømmen, Akershus NOR"]
[Date "2000.02.12"]
[Round "7"]
[White "Johansen, Terje"]
[Black "Solem, Trond"]
[Result "0-1"]
[WhiteElo "2228"]
[BlackElo "2035"]
[PlyCount "82"]
[EventDate "1999.11.06"]
[Board "2"]
[WhiteTeam "Strømmen"]
[BlackTeam "Follo 1"]

1. d4 f5 2. Bg5 Nf6 3. Bxf6 exf6 4. e3 d5 5. c4 c6 6. Nc3 Be6 7. Qb3 Qb6 8.
cxd5 cxd5 9. Bb5+ Nc6 10. Nge2 O-O-O 11. Nf4 Na5 12. Qa4 Bf7 13. Rc1 Kb8 14. b4
Nc4 15. Nd3 Nd6 16. Bd7 Be7 17. Nc5 f4 18. Be6 Be8 19. Qb3 fxe3 20. fxe3 Ne4
21. Nxd5 Nxc5 22. bxc5 Qxe6 23. c6 Bxc6 24. Nxe7 Qxe7 25. Rxc6 Qe4 26. Re6 Qxg2
27. Rf1 Rhe8 28. Rxe8 Rxe8 29. Rf2 Qe4 30. Kd2 a6 31. Qd3 Qd5 32. Qb3 Qa5+ 33.
Kd3 Qe1 34. Re2 Qf1 35. e4 f5 36. e5 f4 37. Kd2 f3 38. Re3 f2 39. Qf7 Rc8 40.
Rf3 Qe1+ 41. Kd3 Rc3# 0-1

[Event "Østlandsserien 1999/2000, 1. div."]
[Site "Strømmen, Akershus NOR"]
[Date "2000.02.12"]
[Round "7"]
[White "Kleppe, Johannes"]
[Black "Chavannes, Ivar"]
[Result "0-1"]
[WhiteElo "2039"]
[BlackElo "2037"]
[PlyCount "82"]
[EventDate "1999.11.06"]
[Board "3"]
[WhiteTeam "Follo 1"]
[BlackTeam "Strømmen"]

1. e4 c5 2. Nf3 e6 3. d4 cxd4 4. Nxd4 a6 5. g3 Ne7 6. Bg2 Nbc6 7. c3 d6 8. O-O
Bd7 9. Nd2 Qc7 10. N2f3 Na5 11. Re1 Ng6 12. h4 Nc4 13. b3 Nce5 14. c4 Nxf3+ 15.
Nxf3 h6 16. Bb2 e5 17. Nd2 a5 18. Nf1 a4 19. Ne3 Ne7 20. Qd2 Be6 21. Red1 Nc6
22. Nd5 Qd8 23. Ba3 axb3 24. axb3 Nd4 25. Qd3 Bxd5 26. exd5 g6 27. Bb2 Rxa1 28.
Rxa1 Bg7 29. Bxd4 exd4 30. Qe2+ Kf8 31. Ra7 Be5 32. c5 Qb8 33. Qa2 Kg7 34. c6
bxc6 35. dxc6 Qb4 36. Bd5 Qe1+ 37. Kg2 Rf8 38. b4 d3 39. Bxf7 Bd4 40. h5 Bxa7
41. hxg6 Bd4 0-1

[Event "Østlandsserien 1999/2000, 1. div."]
[Site "Strømmen, Akershus NOR"]
[Date "2000.02.12"]
[Round "7"]
[White "Lillevold, Frode"]
[Black "Sterk, Michel"]
[Result "1-0"]
[WhiteElo "1958"]
[BlackElo "1934"]
[PlyCount "41"]
[EventDate "1999.11.06"]
[Board "4"]
[WhiteTeam "Strømmen"]
[BlackTeam "Follo 1"]

1. d4 g6 2. c4 Bg7 3. Nc3 c5 4. d5 Bxc3+ 5. bxc3 f5 6. Qc2 Nf6 7. f3 Qa5 8. Bd2
d6 9. e4 fxe4 10. fxe4 Nbd7 11. Nf3 Ng4 12. Be2 Nde5 13. Nxe5 Nxe5 14. O-O Bd7
15. Bf4 Ba4 16. Qd2 Nf7 17. Bg4 Bd7 18. Be6 Rf8 19. Bh6 Bxe6 20. Bxf8 Bd7 21.
Bg7 1-0

[Event "Østlandsserien 1999/2000, 1. div."]
[Site "Strømmen, Akershus NOR"]
[Date "2000.02.12"]
[Round "7"]
[White "Øgaard, Henning"]
[Black "Einvik, Gunnar"]
[Result "0-1"]
[WhiteElo "1786"]
[BlackElo "1952"]
[PlyCount "76"]
[EventDate "1999.11.06"]
[Board "5"]
[WhiteTeam "Follo 1"]
[BlackTeam "Strømmen"]

1. d4 d5 2. Nf3 c6 3. Bg5 Nd7 4. Nbd2 Ngf6 5. e3 g6 6. Bd3 Bg7 7. O-O O-O 8.
Re1 Re8 9. Ne5 Nxe5 10. dxe5 Ng4 11. f4 f6 12. exf6 exf6 13. f5 Bxf5 14. Bxf5
gxf5 15. Bf4 Qb6 16. Nf1 Re4 17. Qf3 d4 18. h3 Ne5 19. Qh5 Ng6 20. Qxf5 Rae8
21. Ng3 R4e6 22. e4 Qxb2 23. Rab1 Qxc2 24. Rxb7 Nh4 25. Rxg7+ Kxg7 26. Qg4+ Ng6
27. Bh6+ Kf7 28. Bc1 Qc3 29. Rf1 d3 30. Qh5 Kg8 31. Qh6 Rxe4 32. Nh5 Qd4+ 33.
Kh2 f5 34. Rxf5 Rh4 35. Rf7 Rxh3+ 36. gxh3 Re2+ 37. Kg3 Qg1+ 38. Kf3 Qg2# 0-1

[Event "Østlandsserien 1999/2000, 1. div."]
[Site "Strømmen, Akershus NOR"]
[Date "2000.02.12"]
[Round "7"]
[White "Andersen, Jørgen M"]
[Black "Næssvold, Kjell"]
[Result "1/2-1/2"]
[WhiteElo "1948"]
[BlackElo "1830"]
[Annotator "Næssvold, Kjell"]
[PlyCount "98"]
[EventDate "1999.11.06"]
[Board "6"]
[WhiteTeam "Strømmen"]
[BlackTeam "Follo 1"]

1. c4 Nf6 2. Nc3 e5 3. g3 d6 4. Bg2 Be7 5. Nf3 c6 6. d4 e4 {Et naturlig trekk,
som medfører at det er svart som får romfordel, mens hvit står litt trangt.
Hvit har kanskje spillt litt unøyaktig i åpningen?} 7. Nd2 d5 8. cxd5 cxd5 9.
Nb3 O-O 10. O-O Nc6 11. Bd2 b6 {
Etter dette syntes jeg det så ut som Sb3 stod litt feilplassert} 12. a4 Be6 13.
Rc1 Qd7 14. Qe1 Rac8 15. a5 {
Dette trekket synes jeg virker tvilsomt. Hvit fryktet at svart skulle spille a5
} Nxa5 ({Verdt å vurdere her, var:} 15... bxa5 16. Ra1) 16. Nxa5 bxa5 17. Ra1
Rb8 18. Na4 {Etter å ha brukt 1 time og 36 minutter på de 18 første trekkene
hadde hvit nå 24 minutter til rådighet for å tenke ut de neste 22 trekkene.
Mens svart hadde igjen dobbelt så lang tid} Rfc8 19. Bxa5 Rc4 20. Qd1 Qb5 21.
Bc3 Bb4 22. h3 a5 23. e3 Bf5 24. Re1 Nd7 $2 {I og med at motstanderen min nå
kun hadde 10 minutter igjen til tidskontrollen ved 40 trekk, satt jeg nå bare
og ventet på at han skulle bukke. Men så var det i stedet jeg som hadde sovnet,
og bukket bort en kvalitet. Etter dette bestemte jeg meg for å kaste flest
mulig brikker inn mot kongestillingen til hvit} 25. Bf1 Qc6 26. Bxc4 dxc4 27.
g4 Be6 28. Bd2 Bd6 29. Bxa5 Rb5 $4 30. Nc3 Rg5 31. Bd8 f6 32. d5 $2 (32. Qa4
Qxa4 33. Rxa4 Bf8 34. Ra6 Bf7 35. Ra7 Be8 36. Nxe4 {1-0}) 32... Bxd5 33. Ra5
Bc5 34. Qa4 Qe6 $2 (34... Qxa4 35. Rxa4 Ne5 36. Rea1 Nd3 37. Kf1 $16) 35. Rd1
$4 (35. Nxd5 Rxd5 36. Qxc4 h5 $18) 35... Bc6 36. Qc2 Ne5 37. Rxc5 $2 (37. Kf1)
37... Nf3+ 38. Kg2 Rxc5 39. Bb6 Rg5 40. Ne2 $2 (40. Rd8+ Kf7 41. Qd1 f5 42. Qd6
Qxd6 43. Rxd6 Rg6 $11) 40... h5 41. Nf4 Qf7 42. Nxh5 $2 Qxh5 43. Qxc4+ Bd5 44.
Qc8+ (44. Rxd5 $4 Rxg4+ 45. hxg4 Qh2+ 46. Kf1 Qg1+ 47. Ke2 Qe1#) 44... Kh7 45.
Rxd5 Rxg4+ $4 (45... f5 46. Qxf5+ Rxf5 47. gxh5 Rxd5 {1-0}) 46. Qxg4 Qxd5 47.
b4 Qe5 48. Qf4 Qe6 49. Bc5 Ne1+ 1/2-1/2

[Event "Østlandsserien 1999/2000, 1. div."]
[Site "Oslo NOR"]
[Date "2000.03.11"]
[Round "8"]
[White "Øgaard, Leif"]
[Black "Johannessen, Leif Erlend"]
[Result "0-1"]
[WhiteElo "2321"]
[BlackElo "2395"]
[PlyCount "82"]
[EventDate "1999.11.06"]
[Board "1"]
[WhiteTeam "Follo 1"]
[BlackTeam "O.S.S."]

1. d4 e6 2. c4 Nf6 3. Nf3 b6 4. g3 Bb7 5. Bg2 Be7 6. O-O O-O 7. Nc3 Ne4 8. Bd2
f5 9. d5 Bf6 10. Rc1 Na6 11. Be1 Nac5 12. Nd4 Qe7 13. Ndb5 a6 14. Nxe4 Nxe4 15.
Bxe4 fxe4 16. d6 cxd6 17. Nxd6 Bc6 18. Bc3 Bg5 19. Rc2 e5 20. Bb4 Qe6 21. Rc3
Be7 22. f3 exf3 23. exf3 Rf6 24. Rd3 e4 25. Re1 exd3 26. Rxe6 Rxe6 27. Qxd3 Rf8
28. f4 Rff6 29. Ne8 Bxb4 30. Nxf6+ Rxf6 31. h4 Rd6 32. Qe2 Rd2 33. Qe8+ Bf8 34.
b4 Rxa2 35. Kf1 Rb2 36. g4 Rxb4 37. g5 Rxc4 38. Qb8 d6 39. f5 Rxh4 40. Qxb6
Bb5+ 41. Ke1 Rf4 0-1

[Event "Østlandsserien 1999/2000, 1. div."]
[Site "Oslo NOR"]
[Date "2000.03.11"]
[Round "8"]
[White "Heim, Sverre"]
[Black "Semakoff, Aleks"]
[Result "1-0"]
[WhiteElo "2289"]
[BlackElo "2129"]
[PlyCount "73"]
[EventDate "1999.11.06"]
[Board "2"]
[WhiteTeam "O.S.S."]
[BlackTeam "Follo 1"]

1. e4 d5 2. exd5 Qxd5 3. Nc3 Qa5 4. d4 Nf6 5. Nf3 c6 6. Bd2 Bf5 7. Bc4 e6 8.
O-O Bb4 9. a3 Bxc3 10. Bxc3 Qc7 11. Bd2 Nbd7 12. Qc1 O-O 13. Bf4 Qb6 14. Rd1
Rfe8 15. h3 Nd5 16. Bg3 c5 17. Nh4 Bg6 18. Nxg6 hxg6 19. dxc5 Nxc5 20. Re1 Rac8
21. Rb1 Nd7 22. Ba2 Qc6 23. Qd2 N7f6 24. c4 Nb6 25. Qe2 Rcd8 26. Rbd1 Nc8 27.
Rxd8 Rxd8 28. Rd1 Rd7 29. Bf4 Nd6 30. b4 Nde4 31. Be5 Rxd1+ 32. Qxd1 Nd7 33.
Bb2 Qc7 34. Qd4 Ndf6 35. Qxa7 Qf4 36. Qe3 Qd6 37. Qd4 1-0

[Event "Østlandsserien 1999/2000, 1. div."]
[Site "Oslo NOR"]
[Date "2000.03.11"]
[Round "8"]
[White "Ofstad, Per"]
[Black "Trygstad, Kristian D"]
[Result "1/2-1/2"]
[WhiteElo "2157"]
[BlackElo "2216"]
[PlyCount "42"]
[EventDate "1999.11.06"]
[Board "3"]
[WhiteTeam "Follo 1"]
[BlackTeam "O.S.S."]

1. e4 c5 2. c3 Nf6 3. e5 Nd5 4. g3 d6 5. exd6 e6 6. Bg2 Bxd6 7. Ne2 O-O 8. O-O
Nc6 9. d4 b6 10. dxc5 Bxc5 11. c4 Nde7 12. Nbc3 Qxd1 13. Rxd1 Ba6 14. b3 Rad8
15. Bb2 Nd4 16. Nxd4 Bxd4 17. Ba3 Rfe8 18. Bxe7 Rxe7 19. Nd5 Bxf2+ 20. Kxf2
exd5 21. Bxd5 Kf8 1/2-1/2

[Event "Østlandsserien 1999/2000, 1. div."]
[Site "Oslo NOR"]
[Date "2000.03.11"]
[Round "8"]
[White "Moen, Andreas G R"]
[Black "Solem, Trond"]
[Result "1-0"]
[WhiteElo "2149"]
[BlackElo "2035"]
[PlyCount "63"]
[EventDate "1999.11.06"]
[Board "4"]
[WhiteTeam "O.S.S."]
[BlackTeam "Follo 1"]

1. e4 e6 2. d4 d5 3. Nc3 Bb4 4. exd5 exd5 5. Bd3 Nf6 6. Nge2 O-O 7. O-O Bg4 8.
f3 Bh5 9. Nf4 c6 10. Nce2 Nbd7 11. Nxh5 Nxh5 12. g4 Nhf6 13. Ng3 c5 14. c3 Ba5
15. b4 cxb4 16. cxb4 Bb6 17. Kh1 Bxd4 18. Bxh7+ Nxh7 19. Qxd4 Nb6 20. Nf5 f6
21. Bf4 Qd7 22. Rac1 Rac8 23. Bd6 Rxc1 24. Rxc1 Rf7 25. Qe3 Ng5 26. h4 Ne6 27.
Re1 Nf8 28. Qe8 Nc8 29. Bc5 b6 30. Bxf8 Qxe8 31. Rxe8 Rxf8 32. Rxc8 1-0

[Event "Østlandsserien 1999/2000, 1. div."]
[Site "Oslo NOR"]
[Date "2000.03.11"]
[Round "8"]
[White "Sterk, Michel"]
[Black "Hatlebakk, Einar"]
[Result "0-1"]
[WhiteElo "1934"]
[BlackElo "2129"]
[PlyCount "52"]
[EventDate "1999.11.06"]
[Board "5"]
[WhiteTeam "Follo 1"]
[BlackTeam "O.S.S."]

1. d4 Nf6 2. c4 e6 3. Nf3 d5 4. Nc3 Be7 5. Bg5 O-O 6. e3 h6 7. Bh4 b6 8. cxd5
Nxd5 9. Bxe7 Qxe7 10. Nxd5 exd5 11. Bd3 c5 12. O-O c4 13. Bc2 Nc6 14. b3 Ba6
15. bxc4 Bxc4 16. Re1 Rac8 17. e4 dxe4 18. Bxe4 Qd6 19. Ne5 Nxd4 20. Qh5 Be2
21. Rxe2 Nxe2+ 22. Qxe2 Rfe8 23. Nxf7 Kxf7 24. Qf3+ Qf6 25. Qb3+ Kf8 26. Re1
Rxe4 0-1

[Event "Østlandsserien 1999/2000, 1. div."]
[Site "Oslo NOR"]
[Date "2000.03.12"]
[Round "9"]
[White "Lie, Kjetil A"]
[Black "Øgaard, Leif"]
[Result "1/2-1/2"]
[WhiteElo "2242"]
[BlackElo "2321"]
[PlyCount "109"]
[EventDate "1999.11.06"]
[Board "1"]
[WhiteTeam "Porsgrunn"]
[BlackTeam "Follo 1"]

1. e4 c5 2. Nf3 e6 3. d4 cxd4 4. Nxd4 Nc6 5. Nc3 a6 6. Be3 Qc7 7. Qd2 Nf6 8. f3
Be7 9. O-O-O b5 10. g4 h6 11. h4 Bb7 12. Be2 Nxd4 13. Bxd4 e5 14. Be3 d5 15. g5
d4 16. gxf6 dxc3 17. Qxc3 Qxc3 18. bxc3 Bxf6 19. c4 O-O 20. Rhg1 Kh8 21. Rd6
Be7 22. Rb6 Rfb8 23. Bxh6 Bc5 24. Bxg7+ Kg8 25. Rg2 Bxb6 26. Bxe5+ Kh7 27. Rg7+
Kh6 28. Rxf7 Be3+ 29. Kb2 bxc4 30. Bxb8 Bd4+ 31. c3 Rxb8 32. Kc2 Bf2 33. Bxc4
Bxh4 34. Rd7 Bg3 35. Re7 Rc8 36. Bd5 Bxd5 37. exd5 Kg6 38. Re6+ Kf5 39. Rxa6
Be5 40. Rc6 Rxc6 41. dxc6 Ke6 42. Kd3 Kd5 43. c4+ Kxc6 44. Ke4 Bc7 45. Kd4 Bb6+
46. Kc3 Bc7 47. a4 Kc5 48. Kb3 Kc6 49. Kb4 Bd6+ 50. Ka5 Kc5 51. Ka6 Kxc4 52.
Kb6 Bc5+ 53. Kc6 Bb4 54. f4 Kd4 55. f5 1/2-1/2

[Event "Østlandsserien 1999/2000, 1. div."]
[Site "Oslo NOR"]
[Date "2000.03.12"]
[Round "9"]
[White "Ofstad, Per"]
[Black "Lahlum, Hans Olav"]
[Result "1/2-1/2"]
[WhiteElo "2157"]
[BlackElo "2160"]
[PlyCount "22"]
[EventDate "1999.11.06"]
[Board "2"]
[WhiteTeam "Follo 1"]
[BlackTeam "Porsgrunn"]

1. e4 e6 2. d4 d5 3. exd5 exd5 4. Bd3 Nc6 5. c3 Bd6 6. Ne2 Qh4 7. Nd2 Bg4 8.
Qc2 O-O-O 9. Nf1 Re8 10. Be3 Nge7 11. O-O-O Qf6 1/2-1/2

[Event "Østlandsserien 1999/2000, 1. div."]
[Site "Oslo NOR"]
[Date "2000.03.12"]
[Round "9"]
[White "Sagafos, Magne"]
[Black "Solem, Trond"]
[Result "1-0"]
[WhiteElo "2143"]
[BlackElo "2035"]
[PlyCount "47"]
[EventDate "1999.11.06"]
[Board "3"]
[WhiteTeam "Porsgrunn"]
[BlackTeam "Follo 1"]

1. e4 e6 2. d4 d5 3. e5 c5 4. c3 Nc6 5. Nf3 Qb6 6. a3 a5 7. Bd3 Bd7 8. O-O cxd4
9. cxd4 Nxd4 10. Nxd4 Qxd4 11. Nc3 Qxe5 12. Re1 Qd6 13. Nb5 Qb6 14. Be3 Qd8 15.
Rc1 Bc6 16. Bf4 Rc8 17. Na7 Ne7 18. Nxc8 Nxc8 19. Qg4 Ne7 20. b4 axb4 21. axb4
Ng6 22. b5 Bd7 23. Bc7 Qf6 24. Qa4 1-0

[Event "Østlandsserien 1999/2000, 1. div."]
[Site "Oslo NOR"]
[Date "2000.03.12"]
[Round "9"]
[White "Sterk, Michel"]
[Black "Lie, Espen"]
[Result "0-1"]
[WhiteElo "1934"]
[BlackElo "2048"]
[PlyCount "72"]
[EventDate "1999.11.06"]
[Board "4"]
[WhiteTeam "Follo 1"]
[BlackTeam "Porsgrunn"]

1. d4 d5 2. c4 e6 3. Nc3 c6 4. Nf3 Nf6 5. Bg5 Nbd7 6. e3 Be7 7. cxd5 exd5 8.
Bd3 O-O 9. O-O Re8 10. Rb1 Ne4 11. Bxe4 Bxg5 12. Bd3 Nf8 13. h3 f5 14. Ne5 Bf6
15. f4 Bxe5 16. fxe5 g6 17. b4 a6 18. Qf3 Ne6 19. Kh2 Rf8 20. Qg3 Kh8 21. Na4
b5 22. Nc3 Bd7 23. Ne2 a5 24. a3 axb4 25. axb4 Qe7 26. Rb3 Ra4 27. Qe1 Ng7 28.
Nc3 Raa8 29. Be2 g5 30. g3 Ne6 31. Qd2 Qg7 32. Bd3 f4 33. Ne2 Qh6 34. g4 Ng7
35. Rg1 f3 36. Nc1 f2 0-1

[Event "Østlandsserien 1999/2000, 1. div."]
[Site "Oslo NOR"]
[Date "2000.03.12"]
[Round "9"]
[White "Tallaksen, Geir Sune"]
[Black "Øgaard, Henning"]
[Result "1-0"]
[WhiteElo "2080"]
[BlackElo "1786"]
[PlyCount "47"]
[EventDate "1999.11.06"]
[Board "5"]
[WhiteTeam "Porsgrunn"]
[BlackTeam "Follo 1"]

1. Nf3 d5 2. c4 e6 3. b3 c5 4. Bb2 d4 5. b4 b6 6. g3 Bb7 7. bxc5 bxc5 8. Bg2
Nf6 9. d3 Be7 10. Nbd2 g5 11. h3 h5 12. Kf1 Rg8 13. Rb1 Qc7 14. Bc1 Nbd7 15.
Nb3 Nh7 16. Na5 Be4 17. Qa4 Bd8 18. dxe4 Qxa5 19. Qc6 Qxa2 20. Rb7 Nhf8 21. Ne5
Qc2 22. Kg1 Rc8 23. Qxc8 Nxe5 24. Rb8 1-0

[Event "Østlandsserien 1999/2000, 1. div."]
[Site "Oslo NOR"]
[Date "2000.03.12"]
[Round "9"]
[White "Kleppe, Jan"]
[Black "Berg-Jensen, Joachim"]
[Result "0-1"]
[WhiteElo "1540"]
[BlackElo "1933"]
[PlyCount "112"]
[EventDate "1999.11.06"]
[Board "6"]
[WhiteTeam "Follo 1"]
[BlackTeam "Porsgrunn"]

1. d4 f5 2. c4 g6 3. Nc3 Nf6 4. Bg5 Bg7 5. f3 O-O 6. e4 fxe4 7. fxe4 d6 8. Be2
Nbd7 9. Nf3 e5 10. O-O c6 11. d5 Qb6+ 12. Kh1 c5 13. Qd2 Nh5 14. Nh4 Nf4 15.
Bxf4 exf4 16. Rxf4 Rxf4 17. Qxf4 Qxb2 18. Rf1 Ne5 19. Qc1 Qxc1 20. Rxc1 Bg4 21.
Bxg4 Nxg4 22. Nb5 Nf2+ 23. Kg1 Nxe4 24. Nc7 Bd4+ 25. Kf1 Rf8+ 26. Nf3 Nd2+ 27.
Ke2 Nxf3 28. gxf3 Be5 29. Ne6 Rf5 30. h3 Bg3 31. Nd8 Rh5 32. Kf1 Rxh3 33. Kg2
Bf4 34. Kxh3 Bxc1 35. Nxb7 Bf4 36. Kg4 g5 37. Nd8 Kg7 38. Kh5 Kf6 39. Ne6 Be3
40. Kg4 h6 41. Nd8 Kg6 42. Nc6 h5+ 43. Kg3 a6 44. Ne7+ Kf6 45. Nc8 Ke5 46. a3
Kd4 47. Nb6 Kd3 48. a4 Bd4 49. Kg2 Be5 50. Nd7 Bf4 51. Nb6 Bd2 52. Kg3 Be1+ 53.
Kg2 Ba5 54. Nc8 Bc7 55. a5 Kxc4 56. Nb6+ Kb5 0-1

[Event "Østlandsserien 1999/2000, 2. div. B"]
[Site "Ås (Holstad), Akershus NOR"]
[Date "1999.11.07"]
[Round "1"]
[White "Lea, Per"]
[Black "Garberg, Tore"]
[Result "1-0"]
[WhiteElo "1697"]
[BlackElo "1711"]
[Annotator "Lea, Per"]
[PlyCount "71"]
[EventDate "1999.11.07"]
[Board "2"]
[WhiteTeam "Follo 2"]
[BlackTeam "SK 1911 2"]

1. e4 c5 2. Nf3 d6 3. d4 cxd4 4. Nxd4 Nf6 5. Nc3 a6 6. Bg5 e6 7. f4 Be7 8. Qf3
Qc7 9. O-O-O Nbd7 10. Bd3 b5 11. Rhe1 Bb7 12. Nd5 {En motevariant fra
1970-tallet, men å slå med bonden er sannsynligvis helt greit. En springer er
en springer...} Nxd5 {I alle mine tre partier i denne varianten, har svart
ikke våget å ta i mot offeret. Og det skal jeg kanskje være glad for?
Interessant er det også at de to øvrige partiene endte remis ved evig sjakk,
og det var mot vesentlig høyere ratingmotstand} 13. exd5 Bxg5 14. fxg5 Ne5 15.
Qg3 {Denne hadde vel egentlig stått bedre på h3} Bxd5 16. Be4 Bxe4 17. Rxe4 Rc8
18. Qb3 O-O 19. h4 d5 20. Re2 Rfe8 21. Kb1 {Svart står nok best her} Nc4 22. g4
Qf4 23. Qh3 e5 24. Nf5 d4 (24... b4 {ville holdt presset oppe}) 25. b3 Na3+ 26.
Kb2 Rc3 {Nå er det plutselig hvit som har overtatt. Men det trekket jeg trodde
var et mestertrekk fra min side var nok ikke så godt som jeg trodde. Men når
man spiller sånne trekk, så er det ikke alltid motstanderen finner det beste
svaret, og svindelen lykkes.} 27. Rxd4 {
Morsomt er det, i det minste. Men Critter 1.6 mener at} (27. Qg2 {er enda bedre
}) 27... Qxd4 28. Qxc3 Qxc3+ 29. Kxc3 Re6 $2 {En gavepakke} (29... Kf8 30. Kb4
Nb1 {og det er mulig svart berger springeren, selv om partiet fremdeles er
vanskelig å holde}) 30. Kb2 b4 31. c3 (31. Re4 g6 32. Nh6+ Kf8 33. Rxb4 Nb5 34.
c4 Nd4 {skal vinne for hvit selv om springeren slapp ut}) 31... g6 32. Ng3 a5
33. Re4 Rd6 $2 34. cxb4 axb4 35. Rxb4 Rd3 36. Ne4 {
og springeren faller, og partiet med den} 1-0

[Event "Østlandsserien 1999/2000, 2. div. B"]
[Site "Drammen, Buskerud NOR"]
[Date "1999.12.05"]
[Round "2"]
[White "Næssvold, Kjell"]
[Black "Edvardsen, Ragnar"]
[Result "1/2-1/2"]
[WhiteElo "1830"]
[BlackElo "1944"]
[PlyCount "117"]
[EventDate "1999.11.07"]
[Board "1"]
[WhiteTeam "Follo 2"]
[BlackTeam "Drammen 2"]

1. d4 Nf6 2. Nf3 e6 3. Bg5 c5 4. e3 h6 5. Bf4 Nc6 6. c3 b6 7. Nbd2 Bb7 8. dxc5
Bxc5 9. Nb3 d5 10. Nxc5 bxc5 11. h3 O-O 12. Bd3 Qe7 13. Ne5 Nxe5 14. Bxe5 Nd7
15. Bg3 e5 16. O-O f5 17. f3 e4 18. fxe4 fxe4 19. Be2 Rxf1+ 20. Bxf1 Rf8 21. c4
Nb6 22. cxd5 Bxd5 23. Qc2 c4 24. Qc3 Na4 25. Qd4 Qc5 26. Be5 Rf7 27. Rc1 Qxd4
28. Bxd4 Rb7 29. Rc2 Kh7 30. Bxc4 Bxc4 31. Rxc4 Nxb2 32. Bxb2 Rxb2 33. a4 a5
34. Rc5 Re2 35. Rxa5 Rxe3 36. Re5 Re2 37. Kf1 Ra2 38. Rxe4 Kg6 39. Rb4 Kf5 40.
h4 g5 41. g4+ Ke5 42. hxg5 hxg5 43. Ke1 Kd5 44. Rb5+ Kc4 45. Rxg5 Rxa4 46. Kf2
Ra3 47. Re5 Kd4 48. Re8 Kd5 49. Kg2 Kd6 50. Kh2 Kd7 51. Re2 Kd8 52. g5 Ra5 53.
Rg2 Ke8 54. Kh3 Kf7 55. Kh4 Kg6 56. Rg4 Ra1 57. Rb4 Rh1+ 58. Kg4 Rg1+ 59. Kf4
1/2-1/2

[Event "Østlandsserien 1999/2000, 2. div. B"]
[Site "Drammen, Buskerud NOR"]
[Date "1999.12.05"]
[Round "2"]
[White "Bekkeli, Leif"]
[Black "Lea, Per"]
[Result "1-0"]
[WhiteElo "2031"]
[BlackElo "1697"]
[Annotator "Lea, Per"]
[PlyCount "75"]
[EventDate "1999.11.07"]
[Board "2"]
[WhiteTeam "Drammen 2"]
[BlackTeam "Follo 2"]

1. c4 Nf6 2. Nc3 e6 3. e4 Nc6 4. d4 Bb4 5. e5 Ne4 6. Qd3 d5 7. exd6 Nxc3 8.
bxc3 Bxd6 9. Nf3 b6 10. Qe4 Bb7 11. Qg4 Qf6 12. Bd3 h5 13. Qh3 Bf4 14. Bxf4
Qxf4 15. Qg3 Qxg3 16. hxg3 O-O-O 17. Rb1 g6 18. O-O Rhg8 19. Rfe1 g5 20. Be4
Rde8 $2 {Kaster bort en mulig remisstilling} (20... g4 21. Ne5 Nxe5 22. Bxb7+
Kxb7 23. Rxe5 {med remisaktig stilling}) 21. Bxc6 $1 Bxc6 22. Ne5 Bb7 23. Nxf7
Re7 24. Ne5 g4 25. c5 bxc5 26. dxc5 c6 27. Rb4 Rg5 28. Nc4 Ba6 (28... Rxc5 $4
29. Nd6+ Kc7 30. Nxb7) 29. Ne5 Bb7 30. Kh2 Rf5 31. f3 Rh7 32. f4 h4 33. gxh4
Rxh4+ 34. Kg3 Rh6 35. Reb1 Ba6 36. Ra4 Bb5 37. Rxa7 Rfh5 38. a4 {
og svart tapte på tid (også!)} 1-0

[Event "Østlandsserien 1999/2000, 2. div. B"]
[Site "Drammen, Buskerud NOR"]
[Date "1999.12.05"]
[Round "2"]
[White "Skår, Bjarte"]
[Black "Egede-Nissen, Bjørn"]
[Result "0-1"]
[WhiteElo "1689"]
[BlackElo "1994"]
[PlyCount "78"]
[EventDate "1999.11.07"]
[Board "3"]
[WhiteTeam "Follo 2"]
[BlackTeam "Drammen 2"]

1. e4 d5 2. e5 c5 3. f4 Nc6 4. Nf3 Bf5 5. Be2 h6 6. d3 e6 7. O-O Nge7 8. c3 d4
9. c4 Bh7 10. Nbd2 Nf5 11. Ne4 Qd7 12. a3 Be7 13. Re1 O-O-O 14. b4 Ne3 15. Bxe3
dxe3 16. b5 Nd4 17. Bf1 e2 18. Bxe2 Kb8 19. Bf1 g5 20. fxg5 hxg5 21. Nfxg5 Bg6
22. Rb1 Rh5 23. Nf3 Rdh8 24. h3 Ka8 25. Nf2 Rf5 26. Be2 Rf4 27. Qd2 Nxf3+ 28.
Bxf3 Bg5 29. Qc2 Bh4 30. Rbd1 Rg8 31. Re2 Qd4 32. Kh1 Rxf3 33. gxf3 Qf4 34. Ng4
Qxf3+ 35. Rg2 Qxh3+ 36. Kg1 Bg3 37. Nf2 Qh4 38. Qd2 Rh8 39. Qe3 Bxf2+ 0-1

[Event "Østlandsserien 1999/2000, 2. div. B"]
[Site "Drammen, Buskerud NOR"]
[Date "1999.12.05"]
[Round "2"]
[White "Lerstad, Bjørn"]
[Black "Moberg, Reidar"]
[Result "1-0"]
[WhiteElo "1831"]
[BlackElo "1620"]
[PlyCount "83"]
[EventDate "1999.11.07"]
[Board "4"]
[WhiteTeam "Drammen 2"]
[BlackTeam "Follo 2"]

1. e4 c5 2. d4 cxd4 3. c3 d6 4. cxd4 Nf6 5. Nc3 g6 6. f4 Bg7 7. Nf3 O-O 8. Be2
a6 9. O-O b5 10. e5 dxe5 11. fxe5 Nd5 12. Ng5 Bb7 13. Bf3 h6 14. Nge4 Nxc3 15.
bxc3 Nd7 16. Ba3 Bxe4 17. Bxe4 Rc8 18. Qf3 a5 19. Rab1 Rb8 20. Bd5 b4 21. Bxf7+
Kh8 22. cxb4 axb4 23. Bb2 Ra8 24. Qb3 Qb6 25. Kh1 Rac8 26. Qd5 Rfd8 27. Qe4 Nf8
28. h3 Rc6 29. Bd5 Rc7 30. Rbc1 e6 31. Bb3 Rdc8 32. Rxc7 Rxc7 33. Rc1 Rxc1+ 34.
Bxc1 Qc7 35. Bb2 Qe7 36. Bc1 Kh7 37. Bd2 Nd7 38. Qg4 Nf8 39. Qe4 Kg8 40. Qc6
Kh7 41. Qb5 Qd8 42. Qxb4 1-0

[Event "Østlandsserien 1999/2000, 2. div. B"]
[Site "Ås, Akershus NOR"]
[Date "2000.01.22"]
[Round "3"]
[White "Gulbrandsen, Tor"]
[Black "Næssvold, Kjell"]
[Result "1-0"]
[WhiteElo "1929"]
[BlackElo "1830"]
[PlyCount "103"]
[EventDate "1999.11.07"]
[Board "1"]
[WhiteTeam "Nordstrand 2"]
[BlackTeam "Follo 2"]

1. e4 c5 2. c3 e5 3. Nf3 Nc6 4. Bc4 d6 5. d4 Be7 6. Be3 Na5 7. Bb5+ Bd7 8.
Bxd7+ Qxd7 9. Nbd2 cxd4 10. cxd4 exd4 11. Nxd4 Nc6 12. Nf5 Bf6 13. Nc4 Nge7 14.
Ncxd6+ Kf8 15. O-O h5 16. Qb3 Nxf5 17. Nxf5 g6 18. Rfd1 Qc7 19. Nd6 Rb8 20.
Rac1 Kg7 21. Bxa7 Ra8 22. Bb6 Qe7 23. Bc5 Qe6 24. Qxe6 fxe6 25. Ba3 Na5 26.
Rc7+ Kg8 27. Nxb7 Nxb7 28. Rxb7 Rh7 29. Rxh7 Kxh7 30. Rd7+ Kg8 31. Kf1 Rb8 32.
Rd2 g5 33. b3 Ra8 34. Bc5 Bc3 35. Rd3 Be5 36. a4 Kf7 37. g3 g4 38. Ke2 Kg6 39.
f4 gxf3+ 40. Kxf3 Ra6 41. Be3 Bd6 42. Bd4 Bb4 43. Kf4 Bd6+ 44. Be5 Be7 45. h4
Bf8 46. Rd8 Bh6+ 47. Kf3 Rb6 48. Rb8 Ra6 49. g4 hxg4+ 50. Kxg4 Ra5 51. Rb5 Ra8
52. Rb7 1-0